Ética y poder político en M. Bakunin /
Gespeichert in:
| 1. Verfasser: | |
|---|---|
| Format: | Elektronisch E-Book |
| Sprache: | Spanisch |
| Veröffentlicht: |
Bilbao :
Universidad de Deusto,
1993.
|
| Schriftenreihe: | Serie Filosofía (Universidad de Deusto) ;
v. 20. |
| Schlagworte: | |
| Online-Zugang: | Digitalia Hispánica |
| Tags: |
Tag hinzufügen
Keine Tags, Fügen Sie den ersten Tag hinzu!
|
MARC
| LEADER | 00000nam a2200000Ii 4500 | ||
|---|---|---|---|
| 001 | DIGDEU1320 | ||
| 003 | NyNyDIG | ||
| 006 | m o d | ||
| 007 | cr ||||||||||| | ||
| 008 | 130501s1993 sp ob 000 0 spa d | ||
| 020 | |a 9788498308532 |q (eBook) | ||
| 020 | |z 9788474852967 | ||
| 020 | |z 847485296X | ||
| 035 | |a (OCoLC)857078020 | ||
| 040 | |a DGITA |b eng |e pn |c DGITA | ||
| 050 | 1 | 4 | |a HX915.B3 eBook |
| 100 | 1 | |a Velasco Criado, Demetrio. | |
| 245 | 1 | 0 | |a Ética y poder político en M. Bakunin / |c Demetrio Velasco Criado. |
| 264 | 1 | |a Bilbao : |b Universidad de Deusto, |c 1993. | |
| 300 | |a 1 online resource (246 pages) | ||
| 336 | |a text |b txt |2 rdacontent | ||
| 337 | |a computer |b c |2 rdamedia | ||
| 338 | |a online resource |b cr |2 rdacarrier | ||
| 490 | 1 | |a Serie Filosofía ; |v vol. 20 | |
| 504 | |a Includes bibliographical references (p. 241-246). | ||
| 600 | 1 | 0 | |a Bakunin, Mikhail Aleksandrovich, |d 1814-1876. |
| 650 | 0 | |a Political ethics. | |
| 650 | 0 | |a Power (Social sciences) | |
| 655 | 0 | |a Electronic books. | |
| 791 | 2 | |a Digitalia (Firm), |e distributor. | |
| 830 | 0 | |a Serie Filosofía (Universidad de Deusto) ; |v v. 20. | |
| 793 | 0 | |g Digitalia eBook Collection: |a Universidad de Deusto. | |
| 856 | 4 | 0 | |3 Digitalia Hispánica |u https://digitalia.unach.elogim.com/a/17592/ |
| 910 | |a Premium Collection: 2007-2012 | ||